000 01424cam a22003734a 4500
001 14311852
003 OSt
005 20210419055248.0
008 060323s2006 nyub b 001 0 eng
010 _a 2006044737
020 _a0670037974
040 _aDLC
_cDLC
_dDLC
042 _apcc
043 _af-ua---
050 0 0 _aDT154.A4
_bP65 2006
080 _a94
_bP-80
082 0 0 _a932
_222
100 1 _aPollard, Justin,
_d1968-
245 1 4 _aThe rise and fall of Alexandria :
_bbirthplace of the modern mind /
_cJustin Pollard and Howard Reid.
260 _aNew York :
_bViking,
_c2006.
300 _axix, 329 p. :
_bmap ;
_c24 cm.
365 _b27.95 usd
504 _aIncludes bibliographical references (p. [309]-315) and index.
651 0 _aAlexandria (Egypt)
_xHistory.
651 0 _aAlexandria (Egypt)
_xIntellectual life.
653 _aისტორია
653 _aეგვიპტე, ალექსანდრია
700 1 _aReid, Howard.
856 4 2 _3Contributor biographical information
_uhttp://www.loc.gov/catdir/enhancements/fy0719/2006044737-b.html
856 4 2 _3Publisher description
_uhttp://www.loc.gov/catdir/enhancements/fy0719/2006044737-d.html
906 _a7
_bcbc
_corignew
_d1
_eocip
_f20
_gy-gencatlg
942 _2udc
_cBK
999 _c247
_d247